000 00801nam a2200241 i 4500
001 22456
003 ES-MaACL
005 20250908233551.0
007 t|
008 021203s1985 sp ||||1| spa d
020 _a84-85876-31-8
100 0 _aDante Alighieri,
_d1265-1321
_942657
245 1 3 _aLa vida nueva /
_cDante Alighieri ; prólogo Carlos Alvar ; traducción y notas Julio Martínez Mesanza.
260 _aMadrid :
_bSiruela,
_c1985.
300 _a124 p. ;
_c23 cm.
490 1 _aSelección de lecturas medievales ;
_v13
504 _aBibliografía: p. 123.
700 1 _aAlvar, Carlos.
_920579
700 0 _aMartínez Mesanza, Julio,
_d1955-
_978234
830 1 _aSelección de lecturas medievales ;
_v13
_9179419
852 _aES-MaACL
_jL-8534
999 _c22456
_d22456